000
00284nam a2200109 a 4500
005
20141022142009.0
008
120229s19uu xx 00 eng d
050
_a
CD
_b
D88 2007
245
_a
Working with parents of children special education needs.
260
_c
2007.
942
_c
AVM
999
_c
276669
_d
276669